000 00454nam a22001337a 4500
008 160812b xxu||||| |||| 00| 0 eng d
050 _aBR1702.G44
100 _aGibbard, Mark
_915325
245 _aGuides to hidden springs
_b:a history of christian spirituality through the lives of some of its witnesses
_c/Mark Gibbard
260 _aLondon
_bSCM Press
_c1979
300 _a94p.;
_b20cm.
650 _aChristian biography
_911106
942 _2lcc
_cMONOGRAPH
999 _c124979
_d124979